14/7. el descubrimiento /

Guardado en:
Autor Principal: Stupia, Pamela
Formato: Libro
Publicado: Buenos Aires : Booket,2018.
Materias:
Etiquetas: Agregar Etiqueta
Sin Etiquetas, Sea el primero en etiquetar este registro!
LEADER 00549nam a22001815a 4500
001 CEM.cems018734
005 20190625092643.0
008 130507b######################000#0#####d
003 CEMS
020 |a 9789875808980 
082 0 4 |a A863.4 
100 1 |a Stupia, Pamela 
245 1 0 |a 14/7. el descubrimiento /  |c Pamela Stupia. 
260 |a Buenos Aires :  |b Booket,2018. 
300 |a 272p. ; 2018. 
600 1 4 |a 1-Stupia, Pamela 
653 |a Literatura juvenil / literatura argentina / narrativa 
859 |a CEMS  |b BIB. CEMS - Agricultura  |h A863.4  |i St959  |p A3266.19  |t Ej.1